LIBRARY & INFORMATION CENTRE, KCAET, TAVANUR

ONLINE PUBLIC ACCESS CATALOGUE (OPAC)

Soil erosion studies on micro plots (Record no. 15151)

MARC details
000 -LEADER
fixed length control field 00647nam a22002057a 4500
003 - CONTROL NUMBER IDENTIFIER
control field OSt
088 ## - REPORT NUMBER
Report number P 239
100 ## - MAIN ENTRY--AUTHOR NAME
Personal name PRAVEENA K. K
245 ## - TITLE STATEMENT
Title Soil erosion studies on micro plots
260 ## - PUBLICATION, DISTRIBUTION, ETC. (IMPRINT)
Place of publication Tavanur 2012
Name of publisher Department of Land and Water Resources & Conservation Engineering
300 ## - PHYSICAL DESCRIPTION
Number of Pages 64
500 ## - GENERAL NOTE
General note Soil erosion studies on micro plots
520 ## - SUMMARY, ETC.
Summary, etc Soil erosion studies on micro plots
700 ## - ADDED ENTRY--PERSONAL NAME
Personal name Rehna M
700 ## - ADDED ENTRY--PERSONAL NAME
Personal name Shijila Erikottil
700 ## - ADDED ENTRY--PERSONAL NAME
Personal name Dr. E. K Kurien (Guide)
856 ## - ELECTRONIC LOCATION AND ACCESS
Uniform Resource Identifier https://drive.google.com/open?id=1wFxcoIjttdrPkMmm9didPhbTkqfNW3be
942 ## - ADDED ENTRY ELEMENTS (KOHA)
Koha item type Project Report
Holdings
Collection code Home library Current library Shelving location Full call number Accession Number Koha item type
Reference KAUAET KAUAET Reference 631.7 PRA/SO P 239 Project Report
free website counter